000
00278nam a2200109Ia 4500
008
220204s9999 xx 000 0 und d
082
_a
82-34
_b
SHA
100
_a
Shankar
245
0
_a
Treasury of Indian tales. Book II
260
_a
Delhi
_b
Childrens Book trust
_c
1969
942
_c
BK
999
_c
31496
_d
31496